| 000 | 00932nam a22003017a 4500 | ||
|---|---|---|---|
| 003 | CHAP | ||
| 005 | 20220329133851.0 | ||
| 008 | 971013s1967 r 00010 d | ||
| 010 | _a11994 | ||
| 011 | _a12966 | ||
| 035 | _a17036 | ||
| 040 | _cCHAP | ||
| 090 | _aTesis | ||
| 100 | 0 | 0 |
_aGaxiola Valle, Luis Roberto. _947329 |
| 245 | _aEfecto de la densidad aparente del suelo en el desarrollo de la cebada | ||
| 260 |
_aChapingo, Méx. : _bEl autor, _c1967 |
||
| 300 |
_a21 h. _b: ilus. |
||
| 502 | _aTesis (Ing. Agr. Esp. en Suelos) -- ENA. Departamento de Suelos | ||
| 590 |
_aALEPH _b10 _c20130110 _lUCH01 _h1230 |
||
| 590 |
_aBATCH-UPD _b10 _c20130110 _lUCH01 _h1517 |
||
| 590 |
_aCONVERSION _b10 _c20130109 _lUCH01 _h1308 |
||
| 650 | 1 | 4 |
_aCebada. _920652 |
| 650 | 1 | 4 |
_aSuelos _xDensidad. _9110337 |
| 901 | _aBK | ||
| 942 | _cFOLL | ||
| 949 |
_bBC _cTES _d-40538 _eTS1 _i17036 _si |
||
| 949 |
_bBC _cTES _d-40540 _eTS2 _fc.2 _i17036 _si |
||
| 999 |
_c11994 _d11994 |
||